Botanical gardens and their role in plant conservation: (Record no. 758948)

MARC details
000 -LEADER
fixed length control field 00467nam a2200157 4500
020 ## - INTERNATIONAL STANDARD BOOK NUMBER
ISBN 9781032252223
082 ## - DEWEY DECIMAL CLASSIFICATION NUMBER
Classification number 580.73
Item number PUL.B.3
084 ## - OTHER CLASSIFICATION NUMBER
Source of Number Colon Classification
100 ## - MAIN ENTRY--AUTHOR NAME
Personal name Pullaiah, T
245 ## - TITLE STATEMENT
Title Botanical gardens and their role in plant conservation:
Sub Title European and American botanical gardens
260 ## - PUBLICATION, DISTRIBUTION, ETC. (IMPRINT)
Place of publication Boca Raton:
Name of publisher CRC press;
Year of publication 2024.
300 ## - PHYSICAL DESCRIPTION
Number of Pages 295p.
700 ## - ADDED ENTRY--PERSONAL NAME
Personal name David A Galbraith
942 ## - ADDED ENTRY ELEMENTS (KOHA)
Source of classification or shelving scheme Dewey Decimal Classification
Koha item type Book
Holdings
Withdrawn status Lost status Source of classification or shelving scheme Damaged status Not for loan Collection code Home Library Current Location Shelving location Date acquired Full call number Accession Number Price effective from Koha item type
    Dewey Decimal Classification     Non-fiction Campus Library Kariavattom Campus Library Kariavattom General Stacks 23/04/2026 580.73 PUL.B.3 UCL35809 23/04/2026 Book